The seeking.

Bibliographic Details
Main Author: Thomas, Will, 1905-
Format: Book
Language:English
Published: New York : A.A. Wyn, [1953]
Subjects:

MARC

Tag First Indicator Second Indicator Subfields
LEADER 00000cam a2200000 4500
001 in00000065465
005 20151007083407.0
008 750509s1953 nyu 00000aeng
010 |a  52006928  
035 |a (OCoLC)01320290 
035 |9 AAF9301AM 
040 |a DLC  |c ORL  |d TXA  |d UtOrBLW 
049 |a TXAM  |c [219121] 
050 0 0 |a E185.97.T52  |b A3 
082 0 |a 325.2609743  |a 301.451* 
092 |a 325.26  |b T463s 
100 1 |a Thomas, Will,  |d 1905- 
245 1 4 |a The seeking. 
264 1 |a New York :  |b A.A. Wyn,  |c [1953] 
264 4 |c [©1953] 
300 |a 290 pages ;  |c 22 cm. 
336 |a text  |b txt  |2 rdacontent 
337 |a unmediated  |b n  |2 rdamedia 
338 |a volume  |b nc  |2 rdacarrier 
500 |a Autobiographical 
650 0 |a African Americans. 
999 |a MARS 
999 f f |s 4ed7aae6-6ae0-3a18-bdfc-bb8abc28ec52  |i f780b3ff-6929-370d-ac3a-c522b20b0c2a  |t 0 
952 f f |p ric  |a Texas A&M University  |b Rellis Campus  |c Joint Library Facility  |d Remote Storage  |t 0  |e E185.97.T52 A3  |h Library of Congress classification  |i unmediated -- volume  |m A14800670713 
998 f f |a E185.97.T52 A3  |t 0  |l Remote Storage